00648cam a22001931 4500001001300000003000400013005001700017008004100034010001700075035001900092040003600111050001700147100002400164245013000188260003800318300004500356600003800401999001500439af 50000084 DLC20260227110919.0790130s1934 xx 000 0 ger c aaf 50000084  a(OCoLC)4601824 aHarvard Univ. LibrarycOCldDLC00aDD231.H5bB61 aBöttiger,Theodor.00aUnser Hindenburg;bder grosse Soldat und Reichspräsident im Bilde.cMit einer Würdigung der Persönlichkeit Hindenburgs. aBerlin,bJunge Generationc[1934] a[70] p. (chiefly illus., ports.)c22 cm.10aHindenburg, Paul von,d1847-1934. c6946d6946